000 00766cab a2200289 4500
001 ABS60369
008 090401t1999 xxu||||| |||| 00| 0 eng d
035 _a(Sirsi) u92272
041 _aeng
100 _aDoherty, M.
245 _aUnder the influence
260 _c1999
350 _a0
490 _aThe Valuer
_v68(2) March/April 1999, 10(1)
650 _aBANK OF ENGLAND V BENNETT
650 _aMORTGAGE ARREARS
650 _aMORTGAGES
650 _aNATIONAL BANK OF ABU DHABI V MOHAMMED
650 _aREPOSSESSION
650 _aROYAL BANK OF SCOTLAND V ETRIDGE
650 _aTURNER V BARCLAYS BANK
650 _aUNDUE INFLUENCE
690 _aPROPERTY LAW AND PRACTICE
700 _aGriffiths, G.L.H.
942 _n0
948 _c23/03/1999
999 _c58509
_d58509